| 000 | 00802 a2200193 4500 | ||
|---|---|---|---|
| 999 |
_c1514 _d1514 |
||
| 020 | _a9780324648508 | ||
| 050 | _aHF5635. ALB 2008 | ||
| 100 |
_a Albrecht, W. Steve _eauthor |
||
| 245 |
_aAccounting concepts & applications / _cW. Steve Albrecht [and others]. |
||
| 264 |
_aCincinnati, Ohio : _bThomson / South-Western, _c2008 |
||
| 300 | _a1 volume (various pagings) : color illustrations ; 29 cm + 1 computer optical disc (4 3/4 in.) | ||
| 440 | _aAccounting | ||
| 500 | _aRevised edition of: Accounting concepts and applications / K. Fred Skousen, W. Steve Albrecht, James D. Stice. 9th ed. c2005.It includes index | ||
| 650 | _aAccounting | ||
| 700 |
_aStice, Earl K. _eauthor |
||
| 700 |
_aStice, James D. _eauthor |
||
| 700 |
_aSwain, Monte R. _eauthor |
||
| 942 |
_2lcc _cBK _e10th _h5635 _iALB _kHF |
||